[Event "Los Cuervos"]
[Site "http://www.queenalice.com/game.php?id=1267384"]
[Date "2014.3.22"]
[Round "5"]
[White "RAMIROCHE"]
[Black "jadoube1962"]
[Result "0-1"]
[WhiteElo "1881"]
[BlackElo "1963"]

1. e4 e5 2. Nf3 Nc6 3. d4 d6 4. Bb5 Bd7 5. d5 Nce7 6. Qd3 g6 7. a4 Bg7 8. b3 Nf6
9. Nbd2 O-O 10. Rb1 c6 11. dxc6 bxc6 12. Bc4 d5 13. exd5 cxd5 14. Bb5 e4 15. Qf1
exf3 16. Nxf3 Re8 17. Be3 Nf5 18. Qd3 Nxe3 19. fxe3 Ng4 20. O-O Rxe3 21. Qxd5
Bxb5 22. Qxd8+ Rxd8 23. axb5 Nf6 24. c4 Ne4 25. b4 Rc3 26. c5 Rb8 27. b6 axb6
28. cxb6 Rxb6 29. b5 Nd6 30. Ng5 h6 31. Nh3 Rc5 32. Rfd1 Rcxb5 33. Rbc1 Rb2 34.
Rc7 Nf5 35. Nf4 Bd4+ 0-1

[Event "Ramirus Verrakus Entenhersteller"]
[Site "http://www.queenalice.com/game.php?id=1268495"]
[Date "2014.3.27"]
[Round "-"]
[White "Lucius1"]
[Black "RAMIROCHE"]
[Result "1-0"]
[WhiteElo "2559"]
[BlackElo "1814"]

1. b3 e5 2. Bb2 Nc6 3. e3 d5 4. Bb5 a6 5. Bxc6+ bxc6 6. Bxe5 f6 7. Bf4 Ne7 8.
Ne2 Ng6 9. O-O Nxf4 10. Nxf4 Bf5 11. c4 d4 12. Qf3 Qd7 13. exd4 Be7 14. d5 O-O
15. dxc6 Qc8 16. Nc3 Bg4 17. Qe4 Re8 18. c5 Bxc5 19. Qc4+ Kh8 20. Qxc5 Re5 21.
Ncd5 Rb8 22. Qa7 Be6 23. Nxc7 Bg8 24. Rae1 Bf7 25. Nxa6 Ra8 26. Qxf7 Rxa6 27. d4
1-0

[Event "Lucius1-2"]
[Site "http://www.queenalice.com/game.php?id=1269143"]
[Date "2014.3.30"]
[Round "4"]
[White "RAMIROCHE"]
[Black "tucot"]
[Result "0-1"]
[WhiteElo "1852"]
[BlackElo "2361"]

1. e4 c5 2. Nf3 d6 3. c3 Nf6 4. Qc2 Nc6 5. Bb5 Bg4 6. d3 Bxf3 7. gxf3 Qc7 8. Bg5
Nd7 9. Nd2 a6 10. Ba4 g6 11. O-O-O Bg7 12. a3 b5 13. Bb3 Nb6 14. f4 O-O 15. f5
gxf5 16. exf5 d5 17. f6 exf6 18. Bh4 c4 19. Ba2 Ne5 20. Bg3 Qc6 21. d4 Nd3+ 22.
Kb1 Na4 23. h4 Kh8 24. b4 Rfe8 25. Nf1 Nab2 26. Ne3 Qe6 27. Rxd3 Nxd3 28. h5 Bh6
29. Ka1 f5 30. Be5+ f6 31. Bc7 f4 0-1

[Event "Verrakus-Zwerg mit rosa Mütze"]
[Site "http://www.queenalice.com/game.php?id=1271377"]
[Date "2014.4.8"]
[Round "-"]
[White "Lucius1"]
[Black "RAMIROCHE"]
[Result "1-0"]
[WhiteElo "2581"]
[BlackElo "1869"]

1. g3 e5 2. Bg2 d5 3. d3 Nf6 4. Nf3 Bd6 5. O-O c6 6. c4 d4 7. e3 dxe3 8. Bxe3
Bg4 9. Qb3 Qc7 10. c5 Be7 11. Nxe5 Be6 12. Nc4 Nd5 13. Bd4 Bf6 14. Nd6+ Kf8 15.
Bxf6 gxf6 16. d4 Nd7 17. Bxd5 Bxd5 18. Qe3 h5 19. Nc3 Be6 20. Ne2 f5 21. Nf4 Nf6
22. Qxe6 fxe6 23. Nxe6+ Kg8 24. Nxc7 Rd8 25. Ne6 Rd7 26. Nxf5 h4 27. Nxh4 Ng4
28. Rfe1 Nf6 29. Re5 Nd5 30. Ng6 Rh6 31. Rg5 Kf7 32. Re1 b6 33. Ne5+ Ke8 34.
Rg8+ Ke7 35. Rg7+ Kxe6 36. Ng4+ 1-0

[Event "Challenge"]
[Site "http://www.queenalice.com/game.php?id=1276076"]
[Date "2014.4.25"]
[Round "-"]
[White "ztnilz"]
[Black "RAMIROCHE"]
[Result "0-1"]
[WhiteElo "1937"]
[BlackElo "1850"]

1. e4 e5 2. Nf3 Nc6 3. Bb5 a6 4. Ba4 d6 5. Bxc6+ bxc6 6. Nc3 Nf6 7. h3 g6 8. b3
Bg7 9. Bb2 Bd7 10. d3 O-O 11. Ne2 Nh5 12. g3 f5 13. exf5 gxf5 14. Nc3 e4 15.
dxe4 fxe4 16. Nh4 e3 17. Qxh5 exf2+ 18. Kf1 Qc8 19. g4 Qd8 20. Nf5 Bxf5 21. gxf5
Qd7 22. Rg1 fxg1=Q+ 0-1

[Event "Challenge"]
[Site "http://www.queenalice.com/game.php?id=1276077"]
[Date "2014.4.25"]
[Round "-"]
[White "RAMIROCHE"]
[Black "ztnilz"]
[Result "1-0"]
[WhiteElo "1867"]
[BlackElo "1927"]

1. e4 c5 2. Nf3 Nc6 3. c3 e6 4. d4 d5 5. e5 Bd7 6. Bd3 c4 7. Bc2 Be7 8. Be3 h6
9. Nbd2 Qc7 10. O-O g5 11. h3 O-O-O 12. a4 f6 13. exf6 Nxf6 14. b4 cxb3 15. Nxb3
b6 16. a5 Nxa5 17. Nxa5 bxa5 18. Qd3 Be8 19. Qa6+ Qb7 20. Qxa5 Rd7 21. Rfb1 Qc7
22. Qa6+ Kd8 23. Bxg5 hxg5 24. Nxg5 Rd6 25. Nxe6+ Rxe6 26. Qxe6 Bd7 27. Qe5 Qxc3
28. Rxa7 Re8 29. Qb8+ 1-0

[Event "OTB STAR"]
[Site "http://www.queenalice.com/game.php?id=1278967"]
[Date "2014.5.4"]
[Round "-"]
[White "tucot"]
[Black "RAMIROCHE"]
[Result "1-0"]
[WhiteElo "2339"]
[BlackElo "1883"]

1. c4 e5 2. Nc3 Nf6 3. Nf3 d6 4. d4 Nbd7 5. e4 Be7 6. h3 O-O 7. Be3 b6 8. d5 Re8
9. b4 Nf8 10. c5 a5 11. a3 Ng6 12. Bb5 Rf8 13. Bc6 Rb8 14. cxb6 cxb6 15. g3 Ba6
16. Qc2 h6 17. Nd2 Nh7 18. h4 f6 19. h5 Nh8 20. f4 Nf7 21. Nf3 Bc8 22. f5 axb4
23. axb4 Bd7 24. Nh4 Nhg5 25. O-O Nh3+ 26. Kg2 Nfg5 27. Ra7 Be8 28. Ng6 1-0

[Event "Challenge"]
[Site "http://www.queenalice.com/game.php?id=1358705"]
[Date "2015.5.10"]
[Round "-"]
[White "ztnilz"]
[Black "RAMIROCHE"]
[Result "0-1"]
[WhiteElo "1902"]
[BlackElo "1868"]

1. e4 c5 2. Nf3 Nc6 3. Nc3 d6 4. Bc4 Nf6 5. d4 cxd4 6. Nxd4 g6 7. Nf3 Bg7 8. O-O
O-O 9. Re1 a6 10. a4 Bg4 11. Be2 Qc7 12. h3 Bd7 13. Nd5 Nxd5 14. exd5 Ne5 15. c3
Rac8 16. a5 Nc4 17. Bxc4 Qxc4 18. Rxe7 Rcd8 19. Re1 Rfe8 20. Be3 Bf6 21. Ra4
Bxa4 22. Qa1 Bd7 23. Bg5 Rxe1+ 24. Qxe1 Re8 25. Qd1 Bxg5 26. Nxg5 h6 27. Nf3 Ba4
28. Qd2 Bb5 29. Qxh6 Qf1+ 30. Kh2 Qxf2 31. h4 Bf1 0-1

[Event "Challenge"]
[Site "http://www.queenalice.com/game.php?id=1358706"]
[Date "2015.5.10"]
[Round "-"]
[White "RAMIROCHE"]
[Black "ztnilz"]
[Result "1/2-1/2"]
[WhiteElo "1885"]
[BlackElo "1907"]

1. e4 e5 2. f4 exf4 3. Nf3 d6 4. Bc4 Be7 5. d3 Bh4+ 6. Nxh4 Qxh4+ 7. Kf1 Nf6 8.
Qe1 Qxe1+ 9. Kxe1 g5 10. Nc3 a6 11. Bd2 Be6 12. Nd5 Nxd5 13. exd5 Bf5 14. Kf2 f6
15. Rae1+ Kf7 16. h3 h5 17. Bc3 Nd7 18. Re2 Rhe8 19. Rhe1 Rxe2+ 20. Rxe2 Re8 21.
Rxe8 Kxe8 22. Ba5 Kd8 23. Bd2 b5 24. Bb3 Nc5 25. h4 Nxb3 26. axb3 Kd7 27. hxg5
fxg5 28. Ba5 c6 29. dxc6+ Kxc6 30. Bd8 g4 31. Bg5 Kd5 32. Bxf4 Ke6 33. g3 d5 34.
Ke3 Bg6 35. b4 Kd7 36. Kd4 Kc6 37. c3 Bf5 38. b3 Bg6 39. c4 Bf7 40. c5 Bg6 41.
Bg5 Bh7 1/2-1/2

[Event "Challenge"]
[Site "http://www.queenalice.com/game.php?id=1368791"]
[Date "2015.7.1"]
[Round "-"]
[White "masam2014"]
[Black "RAMIROCHE"]
[Result "0-1"]
[WhiteElo "1608"]
[BlackElo "1898"]

1. d4 d5 2. c4 dxc4 3. e3 Nf6 4. Bxc4 c6 5. Nf3 g6 6. O-O Bg7 7. Nc3 O-O 8. Be2
Nbd7 9. b3 Qc7 10. Bb2 e5 11. dxe5 Ng4 12. Qd6 Qd8 13. Rad1 Ngxe5 14. Nxe5 Bxe5
15. Qd2 Qc7 16. Bg4 Nb6 17. Bxc8 Raxc8 18. Ne4 Bxh2+ 19. Kh1 Be5 20. Nc5 Bxb2
21. Qxb2 Rcd8 22. Rxd8 Rxd8 23. Ne4 Nd5 24. Nc5 Qe7 25. Nd3 Qh4+ 26. Kg1 Ne7 27.
Nc5 Rd5 28. Nxb7 Rh5 29. f3 Qh2+ 30. Kf2 Rh3 31. Qf6 Qg3+ 32. Ke2 Rh2 33. Rf2
Rxg2 34. Rxg2 Qxg2+ 35. Kd3 Qf1+ 36. Ke4 Qb1+ 37. Ke5 Qb2+ 38. Kf4 Qxf6+ 0-1

[Event "Challenge"]
[Site "http://www.queenalice.com/game.php?id=1368792"]
[Date "2015.7.1"]
[Round "-"]
[White "RAMIROCHE"]
[Black "masam2014"]
[Result "1-0"]
[WhiteElo "1890"]
[BlackElo "1438"]

1. e4 e5 2. Nf3 Nc6 3. d4 exd4 4. Bc4 Nf6 5. e5 Ng8 6. O-O Bc5 7. c3 dxc3 8.
Bxf7+ Kxf7 9. Qd5+ Kf8 10. Qxc5+ Qe7 11. Qxc3 d6 12. Bg5 Qe6 13. exd6 Qxd6 14.
Nbd2 Nf6 15. Rad1 Bg4 16. Nc4 Qb4 17. Bxf6 gxf6 18. Qxf6+ Kg8 19. Qg5+ 1-0

[Event "TIRADENTES 1"]
[Site "http://www.queenalice.com/game.php?id=1373246"]
[Date "2015.7.25"]
[Round "-"]
[White "ztnilz"]
[Black "RAMIROCHE"]
[Result "0-1"]
[WhiteElo "1861"]
[BlackElo "1873"]

1. e4 c6 2. Nc3 d5 3. exd5 cxd5 4. d4 Nf6 5. Nf3 Bg4 6. Be2 e6 7. Ne5 Bxe2 8.
Qxe2 Nc6 9. Nf3 Bb4 10. Bd2 O-O 11. a3 Ba5 12. O-O a6 13. Qe1 b5 14. b4 Bc7 15.
Bg5 h6 16. Bh4 Qd6 17. Bxf6 gxf6 18. Qe3 Kh7 19. g3 Rg8 20. Nh4 Rg4 21. Ne2 Rxh4
22. Nf4 Rg8 23. c3 Rxf4 24. Kh1 Rfg4 25. Rg1 Ne7 26. f3 Rh4 27. Ra2 Rh5 28. Rgg2
Nf5 29. Qd3 Kh8 30. g4 Ng3+ 31. Kg1 Ne2+ 32. Qxe2 Rhg5 33. h4 R5g7 34. Qd3 e5
35. Qd1 e4 36. fxe4 dxe4 37. Qd2 f5 38. g5 h5 39. Kh1 f6 40. Qd1 Qd5 41. g6 Re8
42. Qxh5+ Kg8 43. Qe2 e3 44. h5 f4 45. h6 f3 46. h7+ Kh8 47. Qd3 fxg2+ 48. Kg1
Qxa2 0-1

[Event "TIRADENTES 2"]
[Site "http://www.queenalice.com/game.php?id=1373297"]
[Date "2015.7.25"]
[Round "-"]
[White "RAMIROCHE"]
[Black "ztnilz"]
[Result "1/2-1/2"]
[WhiteElo "1906"]
[BlackElo "1845"]

1. e4 e5 2. f4 d5 3. exd5 e4 4. Bc4 Nf6 5. d4 Nxd5 6. Nc3 Be6 7. Nxe4 c6 8. Nf3
Be7 9. O-O O-O 10. c3 h6 11. Be2 b5 12. Qd2 Bd6 13. Ne5 f5 14. Nxd6 Qxd6 15. b3
a5 16. c4 bxc4 17. bxc4 Nf6 18. a4 Rd8 19. Bb2 Ne4 20. Qc2 Na6 21. Nxc6 Qxc6 22.
Rad1 Nb4 23. Qc1 Bf7 24. d5 Nxd5 25. cxd5 Qxc1 26. Bxc1 Rxd5 27. Bb5 Rad8 28.
Rxd5 Rxd5 29. Be3 Nc3 30. Bc4 Rd8 31. Bxf7+ Kxf7 32. Bb6 Ra8 33. Ra1 Nd5 34. Bd4
Nxf4 35. Kf2 Ne6 36. Bc3 Nc5 37. Bd4 Nb3 38. Rd1 Nxd4 39. Rxd4 Ke6 40. g4 fxg4
41. Rxg4 g5 42. h4 Kf6 43. hxg5+ hxg5 44. Kf3 Rb8 45. Rg1 Rb4 46. Ra1 Kf5 47.
Ra3 Rh4 48. Ra1 g4+ 49. Kg3 Rh3+ 50. Kg2 Kf4 51. Rc1 Re3 52. Rf1+ Rf3 53. Rd1
Re3 54. Rd4+ Re4 55. Rxe4+ Kxe4 56. Kg3 Kf5 57. Kf2 Kf4 58. Kg2 g3 59. Kg1 Kf3
60. Kf1 Ke3 61. Kg2 Kd2 62. Kxg3 Kc3 63. Kf2 Kb3 64. Ke2 Kxa4 65. Kd1 Kb3 66.
Kc1 Ka2 67. Kc2 a4 68. Kc1 1/2-1/2

[Event "PARÍS 1789"]
[Site "http://www.queenalice.com/game.php?id=1376002"]
[Date "2015.8.7"]
[Round "-"]
[White "ymfrancois"]
[Black "RAMIROCHE"]
[Result "0-1"]
[WhiteElo "1905"]
[BlackElo "1904"]

1. e4 e5 2. Nf3 Nc6 3. Bc4 Nf6 4. d3 Be7 5. c3 d6 6. Bg5 Be6 7. Bxf6 gxf6 8.
Nbd2 Qd7 9. Bb5 O-O-O 10. Qa4 Kb8 11. Bxc6 bxc6 12. h3 Ka8 13. Nb3 Rb8 14. O-O-O
Rb6 15. Nfd2 Rhb8 16. Kc2 Qc8 17. Nc4 Ra6 18. Nca5 Rb5 19. c4 Rbb6 20. Nd2 d5
21. a3 f5 22. cxd5 cxd5 23. exf5 Bd7 24. Qg4 Bxf5 25. Qg7 Bf6 26. Qxf7 Rxa5 27.
Qh5 Bg6 28. Qe2 e4 29. dxe4 Rxb2+ 30. Kd3 dxe4+ 31. Ke3 Rxa3+ 0-1

[Event "BRASILIA-QUITO"]
[Site "http://www.queenalice.com/game.php?id=1376003"]
[Date "2015.8.7"]
[Round "-"]
[White "roda"]
[Black "RAMIROCHE"]
[Result "0-1"]
[WhiteElo "1925"]
[BlackElo "1889"]

1. e4 e5 2. Nf3 Nc6 3. Bb5 a6 4. Bxc6 dxc6 5. Nc3 Qf6 6. d3 h6 7. O-O Bb4 8. Bd2
Ne7 9. h3 Be6 10. a3 Ba5 11. Qe2 g5 12. Nh2 O-O-O 13. Qe3 Bb6 14. Qe2 Ng6 15.
Ng4 Qe7 16. Nh2 h5 17. Kh1 Nf4 18. Qd1 Qd7 19. Nf3 g4 20. Bxf4 exf4 21. Ng5 gxh3
22. g3 Bg4 23. Qd2 f6 24. Qxf4 fxg5 25. Qxg5 Rhf8 26. Nd1 Rg8 27. Qd2 Bf3+ 28.
Kh2 h4 29. Rg1 hxg3+ 30. fxg3 Bxg1+ 31. Kxg1 Rxg3+ 32. Kf1 Qg7 33. Qh2 Bg2+ 34.
Ke1 Rf8 35. Kd2 Qg5+ 36. Kc3 Qe5+ 37. Kb3 Rxd3+ 38. cxd3 Qxh2 39. Nc3 Qe5 40.
Rd1 Rf1 41. Rxf1 Bxf1 42. Kc2 h2 0-1

[Event "ANDERSEN"]
[Site "http://www.queenalice.com/game.php?id=1376004"]
[Date "2015.8.7"]
[Round "-"]
[White "Ebbe"]
[Black "RAMIROCHE"]
[Result "1-0"]
[WhiteElo "1953"]
[BlackElo "1886"]

1. d4 d5 2. c4 e5 3. Nc3 dxc4 4. Nf3 exd4 5. Nxd4 Nf6 6. Bg5 Be7 7. h3 O-O 8. e3
c5 9. Nf3 Qc7 10. Bxc4 a6 11. O-O b5 12. Bd5 Ra7 13. e4 Nxd5 14. Nxd5 Qd8 15.
Nxe7+ Rxe7 16. Qxd8 Rxd8 17. Bxe7 1-0

[Event "Challenge 5"]
[Site "http://www.queenalice.com/game.php?id=1380098"]
[Date "2015.8.28"]
[Round "-"]
[White "ztnilz"]
[Black "RAMIROCHE"]
[Result "1-0"]
[WhiteElo "1924"]
[BlackElo "1937"]

1. e4 c6 2. d3 d5 3. Nd2 d4 4. Ngf3 Bg4 5. Be2 Bxf3 6. Nxf3 c5 7. O-O Nc6 8. Re1
e5 9. c3 g6 10. cxd4 cxd4 11. a3 Bg7 12. Qb3 Qc7 13. Bd2 Nge7 14. Ng5 O-O 15.
Rac1 h6 16. Nf3 Qd7 17. h3 Kh7 18. Nh2 f5 19. exf5 gxf5 20. Bf3 Rf6 21. Qa4 a6
22. b4 b5 23. Qd1 Rg8 24. Kh1 Nd5 25. Qb3 Nce7 26. Rxe5 Nc7 27. Ree1 Ng6 28. Qd1
Qd6 29. g3 Nd5 30. Rc5 Nc3 31. Bxc3 dxc3 32. Rxc3 Ne5 33. Bg2 Rg6 34. Rb3 Bf6
35. Nf3 h5 36. Nxe5 Bxe5 37. Qxh5+ Kg7 38. Qxf5 Bd4 39. Re2 Rf8 40. Qd5 Bxf2 41.
Qxd6 Rxd6 42. g4 Bh4 43. Kg1 Rc8 44. Kh2 Rc1 45. Be4 Rf6 46. Bf5 Rfc6 47. d4 Ra1
48. Rd3 Rcc1 49. Be4 Bg5 50. d5 Bf4+ 51. Kg2 Kf6 52. Kf3 Kg5 53. h4+ 1-0

[Event "Challenge 6"]
[Site "http://www.queenalice.com/game.php?id=1380099"]
[Date "2015.8.28"]
[Round "-"]
[White "RAMIROCHE"]
[Black "ztnilz"]
[Result "1-0"]
[WhiteElo "1920"]
[BlackElo "1946"]

1. e4 e5 2. Nf3 Nf6 3. Nc3 d6 4. g3 c6 5. Bg2 Be7 6. d3 Bg4 7. Be3 Qc7 8. Qd2 h6
9. h3 Be6 10. O-O-O a6 11. d4 Nbd7 12. Ne1 exd4 13. Bxd4 Rb8 14. f4 c5 15. Bf2
b5 16. f5 Bc4 17. Kb1 b4 18. Nd5 Nxd5 19. exd5 O-O 20. h4 Bf6 21. Nd3 Qa5 22.
Nc1 Ne5 23. Rhg1 Rfe8 24. Rge1 Qd8 25. Nd3 a5 26. Nxe5 Bxe5 27. g4 f6 28. Be3
Qc7 29. g5 fxg5 30. hxg5 hxg5 31. Bxg5 Qf7 32. Be4 Bf6 33. Qg2 Bxg5 34. Qxg5 Re5
35. b3 Bxd5 36. Bxd5 Rxd5 37. Rxd5 Qxd5 38. Qh5 Qf7 39. Qh3 Kf8 40. f6 g6 41.
Qh8+ Qg8 42. Qh2 Rd8 43. Qe2 Qf7 44. Qe7+ 1-0

[Event "COMANCHE GAME"]
[Site "http://www.queenalice.com/game.php?id=1381017"]
[Date "2015.9.3"]
[Round "-"]
[White "carver"]
[Black "RAMIROCHE"]
[Result "1-0"]
[WhiteElo "1983"]
[BlackElo "1920"]

1. d4 d5 2. c4 e5 3. dxe5 d4 4. Nf3 Nc6 5. a3 Bg4 6. Bg5 f6 7. exf6 Nxf6 8. Nbd2
Be7 9. g3 O-O 10. Bg2 h6 11. Bf4 d3 12. O-O Nh5 13. Be3 dxe2 14. Qxe2 Qe8 15.
Qd3 Rd8 16. Qc2 Bf6 17. Rae1 Qd7 18. b4 b6 19. Rd1 Qe7 20. Rfe1 Ne5 21. h3 Nxf3+
22. Bxf3 Bxf3 23. Nxf3 Rxd1 24. Qxd1 Qf7 25. Nh2 g5 26. Ng4 Bg7 27. Bd4 Nf6 28.
Bxf6 Bxf6 29. Nxh6+ 1-0

[Event "LAO TSE"]
[Site "http://www.queenalice.com/game.php?id=1381018"]
[Date "2015.9.3"]
[Round "-"]
[White "yclaudiu35"]
[Black "RAMIROCHE"]
[Result "1-0"]
[WhiteElo "2025"]
[BlackElo "1907"]

1. e4 c6 2. Bc4 d5 3. exd5 cxd5 4. Bb3 Nf6 5. d4 Nc6 6. c3 Bf5 7. f3 e6 8. Bg5
Be7 9. Nd2 Qc7 10. Ne2 h6 11. Bxf6 gxf6 12. Ng3 Bd3 13. Kf2 O-O-O 14. Ndf1 Ba6
15. Ne3 h5 16. Ne2 Rhg8 17. Rc1 Rg5 18. c4 dxc4 19. Nxc4 Rdg8 20. g3 Kb8 21. Ne3
Bxe2 22. Kxe2 Rd8 23. f4 Nxd4+ 24. Qxd4 Rxd4 25. Rxc7 Kxc7 26. fxg5 fxg5 27. Rf1
Bc5 28. Rxf7+ Kb6 29. Nc4+ Kc6 30. Na5+ Kb5 31. Nxb7 Re4+ 32. Kd2 Bb6 33. Nd6+
1-0

[Event "TIRADENTES"]
[Site "http://www.queenalice.com/game.php?id=1381019"]
[Date "2015.9.3"]
[Round "-"]
[White "JailtonMaster"]
[Black "RAMIROCHE"]
[Result "1-0"]
[WhiteElo "1992"]
[BlackElo "1902"]

1. e4 c6 2. d4 d5 3. exd5 cxd5 4. Nf3 Nf6 5. Bd3 Bg4 6. O-O e6 7. h3 Bh5 8. Bg5
Nc6 9. c3 Be7 10. Nbd2 Qc7 11. a3 O-O 12. Qc2 Bxf3 13. Nxf3 h6 14. Bh4 Kh8 15.
Rfe1 Nh5 16. Bxe7 Nxe7 17. Ne5 f5 18. g4 fxg4 19. hxg4 Nf4 20. Re3 Nxd3 21. Qxd3
Rf6 22. g5 Rf5 23. g6 Raf8 24. Nf7+ R5xf7 25. gxf7 1-0

[Event "Challenge 7"]
[Site "http://www.queenalice.com/game.php?id=1386189"]
[Date "2015.9.29"]
[Round "-"]
[White "ztnilz"]
[Black "RAMIROCHE"]
[Result "1/2-1/2"]
[WhiteElo "1891"]
[BlackElo "1881"]

1. e4 e6 2. d4 d5 3. e5 c5 4. c3 Nc6 5. Nf3 Qc7 6. Be2 g6 7. Be3 cxd4 8. cxd4
Bg7 9. Nc3 Bd7 10. O-O Nge7 11. Nb5 Qb8 12. Nd6+ Kf8 13. Qd2 Nf5 14. Nxf5 exf5
15. Bh6 Qe8 16. h3 Ne7 17. Bxg7+ Kxg7 18. Qg5 h6 19. Qd2 Be6 20. a4 Nc6 21. Rfc1
a5 22. Bb5 Bd7 23. Rc5 Qe6 24. Bxc6 Bxc6 25. Rxa5 f6 26. exf6+ Qxf6 27. Rxa8
Rxa8 28. a5 Re8 29. Ne5 Bb5 30. b4 Rc8 31. Rc1 Bc4 32. Nd7 Qg5 33. Qe1 Qd8 34.
Qe5+ Kf7 35. Nb6 Rc6 36. Re1 Bd3 37. Qxd5+ Qxd5 38. Nxd5 Be4 39. Nb6 Bd3 40. d5
Rd6 41. Rc1 Kf6 42. Rc7 Ba6 43. Rd7 Rxd7 44. Nxd7+ Ke7 45. Nb6 g5 46. f3 Kd6 47.
Kf2 h5 48. g3 Bd3 49. Ke3 Bc2 50. Kd4 Bd1 51. Ke3 Bb3 52. Kd4 Bd1 53. Ke3 Bb3
54. Kd4 1/2-1/2

[Event "Challenge 8"]
[Site "http://www.queenalice.com/game.php?id=1386190"]
[Date "2015.9.29"]
[Round "-"]
[White "RAMIROCHE"]
[Black "ztnilz"]
[Result "0-1"]
[WhiteElo "1896"]
[BlackElo "1925"]

1. e4 c5 2. Nf3 d6 3. d4 cxd4 4. Bc4 Bg4 5. Bxf7+ Kxf7 6. Ng5+ Ke8 7. Qxg4 Nf6
8. Qe2 Qd7 9. O-O e5 10. c4 Nc6 11. b3 Be7 12. Bb2 h6 13. Nh3 b6 14. f4 Qe6 15.
f5 Qf7 16. Nd2 Qh5 17. Rf3 a6 18. Nf1 Qh4 19. Ng3 Ng4 20. Bc1 Bg5 21. Bd2 Bxd2
22. Qxd2 a5 23. f6 Nxf6 24. Nf5 Nxe4 25. Nxh4 Nxd2 26. Rg3 g5 27. Nf5 Ne4 28.
Rd3 Kd7 29. Re1 Nc3 30. a3 e4 31. Rd2 e3 32. Rd3 Rhe8 33. Nxd4 Nxd4 34. Rxc3 e2
35. Rd3 Nf5 36. Kf2 Re7 37. Rxe2 Rxe2+ 38. Kxe2 Re8+ 39. Kd2 Nh4 40. g3 Nf5 41.
Nf2 Re6 42. b4 axb4 43. axb4 Kc6 44. Rd5 Ne3 45. b5+ Kc7 46. Rf5 Nxf5 47. Nd3 h5
0-1

[Event "JOAO GUIMARAES"]
[Site "http://www.queenalice.com/game.php?id=1391618"]
[Date "2015.10.31"]
[Round "-"]
[White "ztnilz"]
[Black "RAMIROCHE"]
[Result "0-1"]
[WhiteElo "1899"]
[BlackElo "1881"]

1. e4 c6 2. d4 d5 3. exd5 cxd5 4. c4 dxc4 5. Bxc4 Nc6 6. d5 Ne5 7. Bb3 Bd7 8.
Nc3 Nf6 9. Nf3 Qc7 10. O-O Bg4 11. Bf4 Bxf3 12. gxf3 Nfd7 13. Re1 f6 14. h3
O-O-O 15. Rc1 Nc5 16. Na4 b6 17. Qd4 Nxf3+ 0-1